Bilderrätsel C (schwer) - Statistiken

Allgemein
  • Dieses Quiz wurde 165 mal gespielt
  • Das Durchschnittsergebnis liegt bei 5 aus 16
Antwortstatistiken
Bildquiz Antwort % Korrekt
Cappuccino
87%
Chinchilla
73%
Cyan
65%
Cäsium
62%
Canapé
45%
Corvette
42%
Capybara
36%
Cirrus
36%
Cajón
21%
Cherub
13%
Conte
12%
Cookinseln
12%
Chagall
10%
Cusco
8%
Cedille
4%
Cytosin
4%
Keine übereinstimmenden Quizze gefunden
Verteilung der Resultate
Anzahl Personen mit jedem Resultat
Perzentil nach korrekt beantworteten Fragen
Ihre Resultats-Entwicklung
Sie haben dieses Quiz noch nicht gespielt